Countries that the British Empire haven't invaded with a map - Statistics

General Stats
  • This quiz has been taken 357 times
  • The average score is 19 of 22
Answers on the Map
Answers color-coded by a green-red scale on the quiz's map according to % correct below.
 
Answer Stats
Country % Correct
Mali
97%
Sweden
97%
Bolivia
96%
Mongolia
96%
Belarus
95%
Chad
95%
Paraguay
94%
Tajikistan
93%
Uzbekistan
93%
Guatemala
92%
Kyrgyzstan
92%
Ivory Coast
91%
Central African Republic
90%
Republic of the Congo
90%
Burundi
88%
São Tomé and Príncipe
87%
Luxembourg
83%
Marshall Islands
80%
Andorra
75%
Vatican City
73%
Liechtenstein
68%
Monaco
65%
No matching quizzes found
Score Distribution
Percent of People with Each Score
Percentile by Number Answered
Your Score History
You have not taken this quiz